Top 50 Streamers FR - Statistiques

Statistiques générales
  • Ce quiz a été pris 10 217 fois
    1 614 depuis la dernière actualisation
  • Le résultat moyen est 15 sur 50
Statistiques - réponses
Rang Streamers Abonnés % Correct
1 Squeezie 5.23M
94%
3 Aminematue 3,16M
82%
2 Gotaga 4,44M
80%
5 Michou 2,15M
77%
13 Inoxtag 1,48M
76%
7 RebeuDeter 2,02M
73%
8 Kamet0 1,99M
65%
22 Maghla 1,04M
63%
4 Locklear 2,30M
56%
9 Domingo 1,88M
54%
10 Doigby 1,87M
53%
12 ZeratoR 1,59M
53%
20 Mastu 1,11M
46%
21 AntoineDaniel 1,06M
43%
24 Joueur_du_Grenier 1,02M
43%
18 Étoiles 1,17M
40%
48 Joyca 701K
37%
6 LeBouseuh 2,10M
33%
44 MaximeBiaggi 721K
33%
39 Ponce 791K
33%
31 Mistermv 891K
32%
25 Terracid 1,02M
32%
14 JLTomy 1,31M
31%
33 Laink 834K
27%
23 Samueletienne 1,03M
26%
47 Pauleta_Twitch 704K
24%
37 Helydia 809K
23%
16 Sardoche 1,24M
23%
15 WankilStudio 1,30M
23%
19 Mickalow 1,16M
18%
11 TheKAIRI78 1,82M
13%
30 Skyyart 906K
12%
46 Linca 710K
11%
35 Chowh1 820K
10%
29 Amaru 914K
8%
50 HenryTran 698K
8%
36 Bichouu_ 812K
7%
41 Jolavanille 741K
7%
38 Kaydop 799K
7%
42 MasterSnakou 728K
7%
32 Byilhann 888K
6%
28 LeStream 965K
6%
26 Anas_off 1,00M
5%
49 BruceGrannec 698K
5%
17 SkyrrozTV 1,18M
5%
45 Prince_off 715K
4%
43 JBZZED 727K
3%
27 Talmo 942K
3%
34 Teeqzy_ 822K
3%
40 Aiekillu 779K
2%
Aucun quiz correspondant
Distribution des résultats
% des personnes avec chaque résultat
Percentile par nombre de réponses
Votre historique - résultats
Vous n’avez pas pris ce quiz depuis la dernière actualisation